000
00267nam a2200085Ia 4500
245
0
_a
Out of the wreckage : dream parables
100
_a
Horwitz, Allan Kolski Braamfontein [South Africa], 2008
_9
79760
942
_c
BK
008
210817s9999 xx 000 0 und d
999
_c
278752
_d
278753